Regionálne porovnania v Slovenskej republike 1997

Podrobná bibliografia
Korporatívny autor: Slovensko. Štatistický úrad (Autor)
Médium: Kniha
Jazyk:slovenčina
Fyzický popis:117 s., [5] s. fareb. graf. príl. mp., tab. 30 cm
Vydavateľské údaje: [Bratislava Štatistický úrad Slovenskej republiky 1998]
Predmet:

MARC

LEADER 00000nam a2200000 a 4500
001 vtls001381011
003 SK-MaSNL
005 20260426004522.0
008 240226s1998 xo ai r y slo
015 |a SNBE2000/04-01870 
020 |c 110,00 Sk 
035 |a SNK000335016 
035 |a urn:nbn:sk:snk-amltqm 
035 |a urn:nbn:sk:snk-am00caxh 
035 |a 22D0CB27-6F76-4A09-B059-5365CEEEFA5A 
040 |a SNK  |b slo  |c SNK  |e AACR2 
041 0 |a slo 
044 |a xo  |c SK 
080 |a 311.312(437.6)(083.9)"1997"  |2 1981 
110 1 |a Slovensko.  |b Štatistický úrad  |4 aut 
245 1 |a Regionálne porovnania v Slovenskej republike 1997 
260 |a [Bratislava  |b Štatistický úrad Slovenskej republiky  |c 1998] 
300 |a 117 s., [5] s. fareb. graf. príl.  |b mp., tab.  |c 30 cm 
500 |a Súbež. názov a text angl. 
650 0 7 |a regióny  |z Slovensko  |y 1997  |x spravodaje štatistické  |2 SNK  |9 635702 
651 7 |a Slovensko  |2 SNK  |9 14231 
651 7 |a Slovensko  |x regióny  |y 1997  |x spravodaje štatistické  |2 SNK  |9 635703 
655 7 |a informačné publikácie  |2 SNK  |9 70181 
958 |a TL 
999 |c 980839  |d 982769 
952 |t P60, <03>, [BOOK], {603}  |a SNK  |b SNK  |y PREZ  |7 0  |p 17A0224655  |o snkSB 61287  |i snkKSP 630/2000  |0 0  |1 0  |4 0  |d 2000-01-18  |f 1  |l 0  |r 2025-04-15 00:00:00  |w 2026-02-24